000 00655nam a2200169 4500
999 _c15919
_d15919
008 201217b ||||| |||| 00| 0 eng d
022 _a0732-8435
082 _aDPer 657.05 C33 Sept - Mar 2015, v. 85 - 86
100 _aKess, Sidney
_942718
245 _aHelping individuals determine their investment policy statement:
_bdrafting an investment policy statement/
_cSidney Kess and Edward Mendlowitz.
260 _aNew York:
_bThe New York State Society of CPA,
_c©2015.
300 _av86 n1, pages 68-69:
_billustraions;
_c28 cm.
650 _aInvestments.
_942693
650 _a
_942712
700 _aMendlowitz, E.
_eAuthor.
_942726
942 _2ddc
_cPER